Countries and Languages #2 - Statistics

General Stats
  • This quiz has been taken 3,902 times
  • The average score is 20 of 30
Answer Stats
Language Country % Correct
Burmese Myanmar
93%
Korean South Korea
93%
Gaelic Ireland
88%
Uzbek Uzbekistan
88%
Welsh United Kingdom
87%
Turkmen Turkmenistan
86%
Wu China
85%
Malay Indonesia
81%
Gujarati India
78%
Urdu India
77%
Amharic Ethiopia
75%
Xhosa South Africa
71%
Uyghur China
70%
Pashto Pakistan
70%
Marathi India
67%
Quechua Peru
67%
Yue China
65%
Yoruba Nigeria
61%
Azerbaijani Iran
60%
Min Nan China
59%
Hmong Daw Laos
56%
Telugu India
55%
Chittagonian Bangladesh
50%
Cebuano Philippines
50%
Hausa Nigeria
48%
Kannada India
47%
Sundanese Indonesia
43%
Dari Afghanistan
40%
Oromo Ethiopia
35%
Ilocano Philippines
24%
No matching quizzes found
Score Distribution
Percent of People with Each Score
Percentile by Number Answered
Your Score History
You have not taken this quiz